Регионална библиотека "Любен Каравелов" - Русе

Ренесансът (Запис номер 73096)

MARC детайли
000 -Лидер
Контролно поле с фиксирана дължина 02402nam a2200529 c 4500
003 - Код на организацията, давaща контролен номер
Контролно поле BLK
005 - Дата и час на последна редакция
Контролно поле 20250317134951.0
008 - Елементи от данни с фиксирана дължина
fixed length control field 180408b bul|||||r ||||||| ||bul||
010 ## - Наследен системен номер
LC control number KNG00077477000
020 ## - Международен стандартен номер на книга ISBN
Международен стандартен номер на книга ISBN 978-954-739-904-4
-- издат.: Захарий Стоянов
040 ## - Източник на каталожния запис
Идентификатор на билиотеката - собственик на записа BLK
041 ## - Код за език
Код за езика на текст/звукозапис или на отделно заглавие Български
Код за езика КДБФ Български
080 ## - УДК
Текстов определител УДК История на цивилизацията. История на културата
УДК код - определител по УДК 930.85
УДК определител (4)
УДК - код + определител 930.85(4)
080 ## - УДК
Текстов определител УДК История на Европа. Средни векове. Ново време
УДК код - определител по УДК 940.1/.2
УДК определител
УДК - код + определител 940.1/.2
080 ## - УДК
Текстов определител УДК Цивилизация. Култура. Прогрес. История на културата вж 930.85
УДК код - определител по УДК 008
УДК определител (4)(091)
УДК - код + определител 008(4)(091)
080 ## - УДК
Текстов определител УДК Изкуство на епохата на Възраждането ХV-ХVI в. Барок. Рококо
УДК код - определител по УДК 7.034
УДК определител
УДК - код + определител 7.034
100 1# - Редна дума - Автор
Автор Бротън, Джери
Авторска отговорност първи автор
R(LIN) 43441
139 ## - Редно поле
Редна дума Бротън, Джери
Авторски знак Бро - Б 82
245 10 - Сведения за заглавието
Заглавие Ренесансът
Редно поле (дума) Джери Бротън; прев. от англ. Владимир Ганев.
257 ## - Страна на издаване
Страна на създаване/издаване Съединени американски щати
260 ## - Област на издателските данни
-- София
Име на издателя, разпространителя и проч. Захарий Стоянов
Година на издаване 2007
Печатница София : ПК Д. Благоев
300 ## - Физическа характеристика
Страници 240 с.
Илюстрации и др. с ил.
Размери/Мащаб 17 см
380 ## - Жанр
Жанр История
490 1# - СЕРИИ (Колекции)
Име на серия Малка оксфордска библиотека
500 ## - Общи забележки
Забележка Ориг. загл. The Renaissance / Jerry Brotton. - Съдържа и По-важни години от Ренесанса. - Азб. показалец.
650 #4 - Допълнително описание по предмет – тема
Основно описание – тема или топоним Култура, европейска - история
9 (RLIN) 256595
650 #4 - Допълнително описание по предмет – тема
Основно описание – тема или топоним Ренесанс
9 (RLIN) 278186
650 #4 - Допълнително описание по предмет – тема
Основно описание – тема или топоним Възраждане - Европа - история
9 (RLIN) 256596
650 #4 - Допълнително описание по предмет – тема
Основно описание – тема или топоним Изкуство, средновековно
9 (RLIN) 277834
651 #4 - Допълнително описание по предмет - топоним
Географско понятие Европа
9 (RLIN) 244407
653 ## - Ключова дума – ненормативна
Ключова дума Ренесанс
653 ## - Ключова дума – ненормативна
Ключова дума Възраждане
653 ## - Ключова дума – ненормативна
Ключова дума култура
653 ## - Ключова дума – ненормативна
Ключова дума история
653 ## - Ключова дума – ненормативна
Ключова дума философия
653 ## - Ключова дума – ненормативна
Ключова дума наука
653 ## - Ключова дума – ненормативна
Ключова дума църква
653 ## - Ключова дума – ненормативна
Ключова дума географски открития
653 ## - Ключова дума – ненормативна
Ключова дума изкуство
700 1# - Други автори (авторска отговорност)
Лично име Ганев, Владимир
Автороска отговорност (Описва отношението между автора и произведението) прев. от англ.
9 (RLIN) 365635
852 ## - Местоположение
Форматна сигнатура Цб І 32723
856 4# - Електронен адрес и достъп
Електронен формат pdf - файл
Път до файла /url/
856 4# - Електронен адрес и достъп
Електронен формат pdf - файл
Път до файла /url/
942 ## - АРТИКУЛИ
Вид на библиотечния материал Книги
Скрит в OPAC Не
Koha issues (borrowed), all copies 3
944 ## - СЪЗДАВАНЕ И РЕДАКЦИЯ на ЗАПИСА
Създаване/Редакция Създаване
Дата на регистрацията/редакция 16.08.2007
Служител, извършил регистрацията/редакцията 30552
Статус, дата на статуса Виолета Тройчева
944 ## - СЪЗДАВАНЕ И РЕДАКЦИЯ на ЗАПИСА
Създаване/Редакция Редакция
Дата на регистрацията/редакция 18.11.2008
Служител, извършил регистрацията/редакцията
999 ## - СИСТЕМНИ КОНТРОЛНИ НОМЕРА
Koha biblionumber 73096
Koha biblioitemnumber 73096
Наличности
Код за отписване Код за изгубен артикул Източник на класификационната схема Код за повреда Коз за рестрикции Код за отдаване Артикулен № Име на библиотеката - собственик Име на библиотеката, в която се намира в момента Статус (Текущо местоположение) Дата на вписване в системата Местоположение - отдел Цена в лева Инвентарен номер Систематично азбучна сигнатура Баркод Номер на екземпляра Цена в евро Служебна бележка Служебен тип на артикула
  Не е изгубен Universal Decimal Classification Не е повреден без рестрикции ползва се в читалня 118860 Регионална библиотека "Любен Каравелов" Русе Регионална библиотека "Любен Каравелов" Русе Читалня 2007-08-16 Читалня 7.00 120000716750 Ч 93/94/Б 82 Д 120000716750 1 3.58 Дост: Pk Вид: Ф N: 7450 Дата: 14.08.2007 Дата инв: 28.03.2017 Бележки инв: Ч2017 Книги
  Не е изгубен Universal Decimal Classification Не е повреден без рестрикции заемане за дома 118861 Регионална библиотека "Любен Каравелов" Русе Регионална библиотека "Любен Каравелов" Русе Заемна - подръчен фонд 2007-11-30 Заемна - подръчен фонд 7.00 120000720685 930/Б 82 Д 120000720685 2 3.58 Дост: Pk Вид: Ф N: 11786 Дата: 27.11.2007 Дата инв: 07.02.2018 Бележки инв: П2018 Книги
  Не е изгубен Universal Decimal Classification Не е повреден без рестрикции заемане за дома 118862 Регионална библиотека "Любен Каравелов" Русе Регионална библиотека "Любен Каравелов" Русе Заемна - подръчен фонд 2007-11-30 Заемна - подръчен фонд 7.00 120000720686 930/Б 82 Д 120000720686 3 3.58 Дост: Pk Вид: Ф N: 11786 Дата: 27.11.2007 Дата инв: 07.02.2018 Бележки инв: П2018 Книги
  Не е изгубен   Не е повреден без рестрикции ползва се в читалня 118863 Регионална библиотека "Любен Каравелов" Русе Регионална библиотека "Любен Каравелов" Русе Хранилище 2008-01-21 Хранилище 7.00 120000722260 Цб І 32723 120000722260 4 3.58 Дост: Dp Вид: Д N: 40 Дата: 13.09.2007 Книги
Vip Innovations Ltd, Rousse, Bulgaria 2025